Les champignons parasites des plantes cultivées /

Guardado en:
Autor Principal: Viennot-Bourgin, G.
Formato: Libro
Idioma:French
Publicado: Paris : Masson, 1949.
Etiquetas: Agregar Etiqueta
Sin Etiquetas, Sea el primero en etiquetar este registro!
LEADER 00439nam a22001455a 4500
001 EUN.um027721
003 AR-BaUNS
005 20050623122904.0
008 041125s1949####fr############000#0#fre#d
245 1 4 |a Les champignons parasites des plantes cultivées /  |c G. Viennot-Bourgin. 
260 |a Paris :  |b Masson,  |c 1949. 
300 |a 2 v. 
100 1 |a Viennot-Bourgin, G. 
082 0 4 |a 581.5 
859 |a Ar-BaUNS  |b BIB. CENTRAL - Sector C  |h 581.5  |i V675  |p 2082/963  |v v.1